The long tail : (Record no. 1223)

000 -LEADER
fixed length control field 02279nam a22004697a 4500
001 - CONTROL NUMBER
control field 14285002
003 - CONTROL NUMBER IDENTIFIER
control field OSt
005 - DATE AND TIME OF LATEST TRANSACTION
control field 20210426111746.0
008 - FIXED-LENGTH DATA ELEMENTS--GENERAL INFORMATION
fixed length control field 060303s2006 nyua b 001 0 eng
010 ## - LIBRARY OF CONGRESS CONTROL NUMBER
LC control number 2006043378
020 ## - INTERNATIONAL STANDARD BOOK NUMBER
International Standard Book Number 1401302378
020 ## - INTERNATIONAL STANDARD BOOK NUMBER
International Standard Book Number 9781401302375
020 ## - INTERNATIONAL STANDARD BOOK NUMBER
International Standard Book Number 1401302378
020 ## - INTERNATIONAL STANDARD BOOK NUMBER
International Standard Book Number 1401308600 (pbk.)
020 ## - INTERNATIONAL STANDARD BOOK NUMBER
International Standard Book Number 9781401308605 (pbk.)
035 ## - SYSTEM CONTROL NUMBER
System control number (OCoLC)ocm65187392
035 ## - SYSTEM CONTROL NUMBER
System control number (OCoLC)65187392
Canceled/invalid control number (OCoLC)70930084
040 ## - CATALOGING SOURCE
Original cataloging agency DLC
Transcribing agency DLC
Modifying agency BAKER
-- C#P
-- VP@
-- IXA
-- CVM
-- YDXCP
-- YBM
-- IG#
-- BTCTA
-- COO
-- PUL
-- STF
-- HUA
-- NOR
-- DNF
-- DLC
Language of cataloging eng
041 ## - LANGUAGE CODE
Language code of text/sound track or separate title eng
042 ## - AUTHENTICATION CODE
Authentication code pcc
050 00 - LIBRARY OF CONGRESS CALL NUMBER
Classification number HF5415.127
Item number .A54 2006
080 ## - UNIVERSAL DECIMAL CLASSIFICATION NUMBER
Universal Decimal Classification number 65
Item number A-54
082 00 - DEWEY DECIMAL CLASSIFICATION NUMBER
Classification number 658.8/02
Edition number 22
100 1# - MAIN ENTRY--PERSONAL NAME
Personal name Anderson, Chris,
Dates associated with a name 1961-
245 14 - TITLE STATEMENT
Title The long tail :
Remainder of title why the future of business is selling less of more /
Statement of responsibility, etc. / by: Hyperion
250 ## - EDITION STATEMENT
Edition statement 1st edition
260 ## - PUBLICATION, DISTRIBUTION, ETC.
Place of publication, distribution, etc. New York
Name of publisher, distributor, etc. Hyperion
Date of publication, distribution, etc. c2006.
300 ## - PHYSICAL DESCRIPTION
Extent xii, 238 p.
Other physical details ill.
Dimensions 25 cm.
365 ## - TRADE PRICE
Price amount 24.95 usd
504 ## - BIBLIOGRAPHY, ETC. NOTE
Bibliography, etc. note Includes bibliographical references (p. [227]-230) and index.
505 00 - FORMATTED CONTENTS NOTE
Title Acknowledgments --
-- Introduction --
Miscellaneous information 1. The
Title long tail --
Miscellaneous information 2. The
Title rise and fall of the hit --
Miscellaneous information 3. A
Title short history of the long tail --
Miscellaneous information 4. The
Title three forces of the long tail --
Miscellaneous information 5. The
Title new procedures --
Miscellaneous information 6. The
Title new markets --
Miscellaneous information 7. The
Title new tastemakers --
Miscellaneous information 8.
Title Long tail economics --
Miscellaneous information 9. The
Title short head --
Miscellaneous information 10. The
Title paradise of choice --
Miscellaneous information 11.
Title Niche culture --
Miscellaneous information 12. The
Title infinite screen --
Miscellaneous information 13.
Title Beyond entertainment --
Miscellaneous information 14.
Title Long tail rules --
-- Coda : tomorrow's tail --
-- Notes on sources and further reading --
-- Index.
650 #0 - SUBJECT ADDED ENTRY--TOPICAL TERM
Topical term or geographic name entry element Market segmentation.
650 #0 - SUBJECT ADDED ENTRY--TOPICAL TERM
Topical term or geographic name entry element Business
9 (RLIN) 323
650 #0 - SUBJECT ADDED ENTRY--TOPICAL TERM
Topical term or geographic name entry element Internet marketing.
650 #0 - SUBJECT ADDED ENTRY--TOPICAL TERM
Topical term or geographic name entry element Marketing
General subdivision Technological innovations.
653 ## - INDEX TERM--UNCONTROLLED
Uncontrolled term ბიზნესი
856 42 - ELECTRONIC LOCATION AND ACCESS
Materials specified Publisher description
Uniform Resource Identifier <a href="http://www.loc.gov/catdir/enhancements/fy1204/2006043378-d.html">http://www.loc.gov/catdir/enhancements/fy1204/2006043378-d.html</a>
856 42 - ELECTRONIC LOCATION AND ACCESS
Materials specified Contributor biographical information
Uniform Resource Identifier <a href="http://www.loc.gov/catdir/enhancements/fy1401/2006043378-b.html">http://www.loc.gov/catdir/enhancements/fy1401/2006043378-b.html</a>
906 ## - LOCAL DATA ELEMENT F, LDF (RLIN)
a 7
b cbc
c orignew
d 1
e ocip
f 20
g y-gencatlg
942 ## - ADDED ENTRY ELEMENTS (KOHA)
Source of classification or shelving scheme
Koha item type Books
Edition 1
Holdings
Withdrawn status Lost status Source of classification or shelving scheme Damaged status Not for loan Permanent location Current location Date acquired Inventory number Total Checkouts Full call number Barcode Date last seen Price effective from Koha item type
          Ken Walker International University Ken Walker International University 02/04/2021 1440   65 A-54 1440 02/04/2021 02/04/2021 Books

Powered by Koha